000 00729nam a22002057a 4500
003 OSt
005 20250826032039.0
008 250826b |||||||| |||| 00| 0 eng d
020 _a9781476749792
040 _cOC
082 _aCirc. 372.425 B58b 2014
100 _aBOOG, JASON
245 _a Born reading :
_bbringing up bookworms in a digital age - from picture books to ebooks and everything in between /
_cBOOG, JASON
260 _a New York :
_b Simon & Schuster,
_c c2014.
300 _axxvii, 305 pages ;
_c 21 cm.
504 _aIncludes bibliographical references
650 _2Reading--Parent participation. 2. Children--Books and reading. I. Bird, Betsy. II. Title.
700 _a
942 _2ddc
_cBK-CIRC
_n0
999 _c4249
_d4249